相互接壤的人口差距最大的地级行政区 - Statistics

General Stats
  • This quiz has been taken 31 times
  • The average score is 50 of 67
Answer Stats
省级行政区 地级行政区 % Correct
四川省 成都市
96%
四川省 阿坝藏族羌族自治州
92%
黑龙江省 哈尔滨市
92%
安徽省 合肥市
92%
黑龙江省 佳木斯市
92%
黑龙江省 牡丹江市
92%
黑龙江省 七台河市
92%
湖北省 武汉市
92%
陕西省 西安市
92%
湖北省 鄂州市
88%
湖北省 黄冈市
88%
湖北省 黄石市
88%
安徽省 马鞍山市
88%
四川省 绵阳市
88%
江苏省 南京市
88%
陕西省 商洛市
88%
吉林省 松原市
88%
四川省 雅安市
88%
吉林省 长春市
88%
湖南省 长沙市
88%
辽宁省 辽阳市
84%
辽宁省 沈阳市
84%
吉林省 四平市
84%
陕西省 铜川市
84%
安徽省 铜陵市
84%
陕西省 渭南市
84%
黑龙江省 伊春市
84%
浙江省 杭州市
80%
安徽省 黄山市
80%
江西省 景德镇市
80%
广西壮族自治区 南宁市
80%
浙江省 衢州市
80%
河北省 石家庄市
80%
四川省 资阳市
80%
辽宁省 本溪市
76%
辽宁省 抚顺市
76%
辽宁省 阜新市
76%
广西壮族自治区 来宾市
76%
江西省 上饶市
76%
山西省 太原市
76%
陕西省 咸阳市
76%
山西省 阳泉市
76%
江西省 鹰潭市
76%
广西壮族自治区 防城港市
72%
四川省 凉山彝族自治州
72%
河南省 南阳市
72%
江西省 萍乡市
72%
广西壮族自治区 北海市
68%
安徽省 池州市
68%
广西壮族自治区 崇左市
68%
吉林省 延边朝鲜族自治州
68%
辽宁省 盘锦市
64%
河南省 三门峡市
64%
湖北省 随州市
64%
广东省 湛江市
64%
安徽省 淮北市
60%
江苏省 徐州市
60%
云南省 迪庆藏族自治州
56%
河南省 商丘市
48%
广东省 佛山市
44%
新疆维吾尔自治区 喀什地区
44%
广东省 云浮市
44%
新疆维吾尔自治区 克孜勒苏柯尔克孜自治州
40%
山东省 东营市
36%
河南省 鹤壁市
36%
山东省 潍坊市
36%
河南省 新乡市
32%
No matching quizzes found
Score Distribution
Percent of People with Each Score
Percentile by Number Answered
Your Score History
You have not taken this quiz